| 000 | 00661nam a22002057a 4500 | ||
|---|---|---|---|
| 999 |
_c10141 _d10141 |
||
| 003 | AR-CdUCM | ||
| 008 | 190329b ||||| |||| 00| 0 spa d | ||
| 040 |
_aMUNICIPALIDAD PROVINCIAL DEL CUSCO _cBIBLIOTECA MUNICIPAL DEL CUSCO |
||
| 082 |
_a869.924 / _bJ55 / 1930 |
||
| 100 |
_aJiménez, Max, _926818 |
||
| 245 | _aSonaja / | ||
| 260 |
_bImpr. Argis, _c1930. |
||
| 300 |
_a101 paginas ; _c25 cm. |
||
| 505 | _aContenido : Rastras -- España -- Sonaja -- Viejo cacharro -- Terza de niebla... | ||
| 650 |
_aPoesías costarricenses _926819 |
||
| 650 |
_aSiglo XX. _98 |
||
| 650 |
_aLiteratura centroamericana _99614 |
||
| 942 |
_2ddc _cLIBROS |
||
| 945 | _awnts | ||